Statistics for Título en la Letra #3

Click here to take the quiz!

General Stats

  • This quiz has been taken 3 times
  • The average score is 9 of 15

Answer Stats

LetraTítulo% Correct
A ella le gusta la ________ (Dame más ________ ) / Como le encanta la ________ (Dame más ________ )Gasolina
100%
__ _____ ______ / Ni nada que dar / Lo único que tengo es amor para amarNo Tengo Dinero
100%
Yo sólo quiero _____ __ ____ / Y regalarte mis mañanas / Cantar para calmar tus miedos / Quiero que no te falte nadaDarte un Beso
100%
____ __ __ por ahí tomando / Queriendo morir, llorando / Quien le hizo esto a ella, tan bella / Que ahoga hoy sus sueños en esa botellaAyer La Vi
50%
______ _______ / Es la certeza de cumplir / Con mi destino / Mi boleto para entrar al paraísoBailar Contigo
50%
Me gustan los aviones, __ ______ __ / Me gusta viajar, __ ______ __Me Gustas Tú
50%
Y un día después de la tormenta / Cuando menos piensas ____ __ ___Sale el Sol
50%
__ _______, sin querer, sin razón, sin motivos / No sé como fue, pero __ _______Me Enamoré
50%
No te canses ahora que esto sólo empieza / Mueve la cabeza _____ ______Danza Kuduro
50%
Quiero en tus manos abiertas buscar mi camino / Y que te sientas mujer solamente conmigo / ___ _____ _____ __ __, ___ _____ _____ __ __Hoy Tengo Ganas de Ti
50%
_ _____ _______ / Que te sientes el más bello monumento / Fuiste una mala inversión y me arrepientoY Ahora Resulta
50%
__ __ _______ / Que tu mirada y la mía / Un presentimiento / Como un ángel que me decíaEs un Secreto
50%
Dale pégate, agárrate / Comienza a romper cintura / Demuestra muévete / Sacude el cuerpo con locura / Se suelta el ritmo, _____ __ _______Rompe la Cintura
50%
Y es que __ ______ __ _____ / Vente por favor / Quiero tenerte en mi cama / Y hacerte el amorTu Cuerpo Me Llama
50%
Pa este baile no hay salida que corra el tiempo / Pégate y _____ conimgo con movimientoZumba
0%

Score Distribution

Percentile by Number Answered

Percent of People with Each Score

Your Score History

You have not taken this quiz